000 00527nam a2200205 a 4500
001 157800
003 OSt
005 20211231114611.0
008 200626 ### ENG
020 _a9783662558744
082 _a551.0285
_bG95R
100 _aGupta, Ravi P
245 _aRemote sensing geology
_cby Ravi P Gupta
250 _a3rd ed.
260 _aGermany
_bSpringer Verlag
_c2018
300 _axxiii, 428p.
653 _aGeology--Remote sensing
653 _aMines and mineral resources
942 _2ddc
_cBK
999 _c20108
_d20108